000 00599nam a2200229Ia 4500
999 _c35512
_d35512
001 1373
003 GE_BSU
005 20210309143233.0
008 181216s1993||||enk|||||||||||||| ||eng||
020 _a9781441931030
040 _cGE_BSU
041 _aeng
080 _a515.1 + 514 B-85
100 _aBredon, Glen E.
_910401
245 _aTopology and Geometry.
_cBredon, Glen E.
264 _aNew York:
_bSpringer,
_c1993.
300 _a553 p.
_b24 cm.
653 _aTopology and Geometry
653 _aტოპოლოგია
653 _aგეომეტრია
942 _cBK
_2udc